Annual Report 2011 /
保存先:
| 団体著者: | |
|---|---|
| フォーマット: | テキスト |
| 言語: | Spanish |
| 主題: | |
| タグ: |
タグ追加
タグなし, このレコードへの初めてのタグを付けませんか!
|
MARC
| LEADER | 00000 a a2200000 04500 | ||
|---|---|---|---|
| 001 | 45278 | ||
| 003 | cru CIDCACS/IIS | ||
| 005 | 20191206141821.0 | ||
| 008 | 191206b ||||| |||| 00| 0 spa d | ||
| 999 | |c 20653 |d 20653 | ||
| 040 | |c cru CIDCACS/IIS | ||
| 090 | |a REV0034 2011 | ||
| 110 | 2 | |a Institute of Developing Economies | |
| 245 | 1 | |a Annual Report 2011 / |c Institute of Developing Economies | |
| 650 | |a INFORME DE LABORES | ||
| 650 | |a PROYECTOS DE INVESTIGACION | ||
| 650 | |a CONFERENCIAS | ||
| 650 | |a PUBLICACIOES | ||
| 773 | |g (2011), 74 páginas | ||
| 773 | 0 | |0 42729 |9 4021 |d Tokio, Japón: Institute of Developing Economies |o 16042 |t Annual Report/ | |
| 942 | |2 ddc |c PP | ||
